Marketingový výskum a výskum trhu vo vybranom podniku bakalárska práca

Salvato in:
Dettagli Bibliografici
Autore principale: Lokšík, Matej
Ente Autore: Fakulta podnikového manažmentu EU. Katedra podnikovohospodárska
Altri autori: Kovalev, Andrej
Natura: Libro
Lingua:slovacco
Pubblicazione: Bratislava 2017
Tags: Aggiungi Tag
Nessun Tag, puoi essere il primo ad aggiungerne!!

MARC

LEADER 00000nbm a2200000 4500
001 0232618
005 20171024102345.7
041 0 |a slo 
044 |a SK 
245 1 0 |a Marketingový výskum a výskum trhu vo vybranom podniku  |b bakalárska práca  |c Matej Lokšík ; školiteľ: Andrej Kovalev 
264 1 |a Bratislava  |c 2017 
300 |a 48 s. 
100 1 |a Lokšík, Matej 
700 1 |a Kovalev, Andrej 
710 2 |a Fakulta podnikového manažmentu EU. Katedra podnikovohospodárska